Ethnic Conflict in South Asia (Record no. 6420)

MARC details
000 -LEADER
fixed length control field 00685nam a2200265 a 4500
020 ## - INTERNATIONAL STANDARD BOOK NUMBER
ISBN 8120295
082 00 - DEWEY DECIMAL CLASSIFICATION NUMBER
Classification number 305.80954
Author Cutter ENG
100 ## - MAIN ENTRY--AUTHOR NAME
Author name Engineer, Asghar Ali
245 ## - TITLE STATEMENT
Title Ethnic Conflict in South Asia
260 ## - PUBLICATION, DISTRIBUTION, ETC. (IMPRINT)
Place of publication Delhi
Name of publisher Ajanta Publications
Year of publication 1987
300 ## - PHYSICAL DESCRIPTION
Number of Pages 223p
500 ## - GENERAL NOTE
General note includes index and biblioraphy
505 2# - FORMATTED CONTENTS NOTE
Formatted contents note Index
650 ## - SUBJECT ADDED ENTRY--TOPICAL TERM
Topical Term South Asia-Ethnic Groups
650 ## - SUBJECT ADDED ENTRY--TOPICAL TERM
Topical Term India-Ethnic Groups
650 ## - SUBJECT ADDED ENTRY--TOPICAL TERM
Topical Term Ethnic Conflict-India
942 ## - ADDED ENTRY ELEMENTS (KOHA)
Koha item type Books
700 1# -
-- Engineer, Asghar Ali
Holdings
Collection code Home library Current library Date acquired Cost, normal purchase price Full call number Accession Number Koha item type
  Henry Martyn Institute Library Henry Martyn Institute Library 11/25/2011 81.00 305.80954 ENG 012686 Books
                   Copyright © 2026 | Henry Martyn Institute | Hyderabad | TS-500052 | INDIA | Implemented by hmi.edu.in
Hit-Count:

Powered by Koha